Quiz Sport Niveau Facile #1 - Statistiques

Statistiques générales
  • Ce quiz a été pris 362 fois
  • Le résultat moyen est 12 sur 15
Statistiques - réponses
Question Réponse % Correct
Combien de joueurs y a-t-il dans une équipe de football (sur le terrain) ? 11
98%
Combien y a-t-il d’anneaux olympiques ? 5
94%
Quel ballon est plus gros : football, rugby ou basket ? Basket
93%
Quel est le pays d’origine du judo ? Japon
92%
Dans quel sport peut-on faire un "strike" ? Le Bowling
92%
Dans quel sport utilise-t-on un volant ? F1, Badminton
89%
Combien de Grand Chelem existe-t-il en tennis chaque année ? 4
87%
Quel Français très connu a remporté le Ballon d’Or en 1998 ? Zinédine Zidane
86%
Quel athlète détient le record du monde du 100 mètres ? Usain Bolt
85%
Quel pays a remporté la Coupe du Monde de football 2006 ? Italie
84%
Quelle ville accueillera les Jeux Olympiques de 2028 ? Los Angeles
66%
Combien de médailles d’or a gagné Michael Phelps aux JO ? (Total carrière) 23
59%
Quel pays a remporté les premiers Jeux Olympiques modernes en 1896 ? Grèce
56%
Quel skieur français est le plus médaillé de l’histoire aux Jeux d’hiver ? Martin Fourcade
43%
Quel sport est surnommé "le noble art" ? La boxe
31%
Aucun quiz correspondant
Distribution des résultats
% des personnes avec chaque résultat
Percentile par nombre de réponses
Votre historique - résultats
Vous n’avez pas pris ce quiz